[Event "Russian Championship G17 2016"]
[Site "Loo"]
[Date "2016.04.20"]
[Round "1.4"]
[White "Krapivina, Galina"]
[Black "Afonasieva, Anna"]
[Result "1/2-1/2"]
[WhiteElo "1859"]
[BlackElo "2133"]
[PlyCount "83"]
[EventDate "2016.04.20"]

1. e4 c6 2. d4 d5 3. Nc3 dxe4 4. Nxe4 Bf5 5. Ng3 Bg6 6. Bc4 e6 7. N1e2 Bd6 8.
O-O Qc7 9. f4 Ne7 10. c3 O-O 11. Bd3 c5 12. Bxg6 Nxg6 13. Ne4 Rd8 14. Nxd6 Qxd6
15. Be3 Na6 16. Qe1 cxd4 17. Nxd4 Nc5 18. f5 exf5 19. Nxf5 Qc7 20. Qf2 Nd3 21.
Qc2 Nde5 22. h3 b5 23. Bd4 b4 24. Rad1 Rac8 25. Qf2 bxc3 26. Bxc3 Nd3 27. Qe3
Ndf4 28. Nxg7 Nd5 29. Qh6 Nxc3 30. Rxd8+ Rxd8 31. bxc3 Qc5+ 32. Kh1 Qc4 33. Ra1
Qxc3 34. Nf5 Qf6 35. Qh5 Kh8 36. Qf3 Re8 37. Rf1 Rf8 38. Qf2 a6 39. Qe2 Qe6 40.
Qb2+ Qe5 41. Qa3 Qb5 42. Qf3 1/2-1/2

[Event "Russian Championship G17 2016"]
[Site "Loo"]
[Date "2016.04.20"]
[Round "1.5"]
[White "Erdenieva, Oyuna"]
[Black "Chistyakova, Daria"]
[Result "1-0"]
[WhiteElo "2123"]
[BlackElo "1857"]
[PlyCount "83"]
[EventDate "2016.04.20"]

1. d4 Nf6 2. c4 g6 3. Nc3 Bg7 4. e4 d6 5. Be2 O-O 6. Bg5 h6 7. Be3 e5 8. d5 Ne8
9. Qd2 Kh7 10. g4 c6 11. h4 cxd5 12. cxd5 Na6 13. Nh3 Nc5 14. h5 g5 15. f3 a6
16. Nf2 b5 17. b4 Nd7 18. a4 bxa4 19. Nxa4 Nc7 20. Nb6 Nxb6 21. Bxb6 Qd7 22.
Ra5 Bb7 23. O-O Bf6 24. Rfa1 Bd8 25. Qe3 f6 26. Kg2 Qf7 27. Nh1 Rb8 28. Rc1 Bc8
29. Rc6 Qe7 30. Ng3 Bd7 31. Bxc7 Bxc6 32. Bxb8 Bxa5 33. bxa5 Rxb8 34. dxc6 Qc7
35. Qc3 Ra8 36. Nf5 Ra7 37. Ne3 Kg7 38. Nd5 Qc8 39. c7 Kf7 40. Kg3 Kg7 41. Qc6
Kf7 42. Qxd6 1-0

[Event "Russian Championship G17 2016"]
[Site "Loo"]
[Date "2016.04.20"]
[Round "1.6"]
[White "Dorofeeva, Nyurguiaana"]
[Black "Potapova, Margarita"]
[Result "1-0"]
[WhiteElo "1851"]
[BlackElo "2109"]
[PlyCount "95"]
[EventDate "2016.04.20"]

1. d4 d5 2. Bf4 Nf6 3. Nf3 c5 4. e3 Qb6 5. Qc1 Nc6 6. c3 Bf5 7. Nbd2 e6 8. Be2
Rc8 9. O-O Be7 10. Nb3 cxd4 11. exd4 Ne4 12. Ng5 O-O 13. Nxe4 Bxe4 14. Qd2 a5
15. Nc1 a4 16. Bd3 Na5 17. Bxe4 dxe4 18. b3 Bd6 19. Bxd6 Qxd6 20. c4 Nc6 21.
Ne2 Rfd8 22. Rfd1 b6 23. Rab1 Rd7 24. Qe3 f5 25. Nc3 axb3 26. axb3 Nb4 27. Nb5
Qe7 28. f3 exf3 29. Qxf3 Qf6 30. d5 e5 31. Rf1 Rf7 32. Rbd1 e4 33. Qe3 Nd3 34.
Nd4 g6 35. Ne6 Nc5 36. Nxc5 bxc5 37. d6 Rd7 38. Qxe4 Rxd6 39. Qf4 Rcd8 40. Qf3
Rd4 41. Rfe1 Qd6 42. Rxd4 cxd4 43. Qd3 Qb6 44. Re7 Qc5 45. Rb7 Qe5 46. Kf2 f4
47. Qh3 d3 48. Qxh7+ 1-0

[Event "Russian Championship G17 2016"]
[Site "Loo"]
[Date "2016.04.20"]
[Round "1.7"]
[White "Yanuchenko, Polina"]
[Black "Milovanova, Maria"]
[Result "1-0"]
[WhiteElo "2092"]
[BlackElo "1844"]
[PlyCount "97"]
[EventDate "2016.04.20"]

1. d4 Nf6 2. c4 e6 3. Nc3 Bb4 4. e3 O-O 5. Nge2 Re8 6. a3 Bf8 7. Ng3 d6 8. Bd3
Nbd7 9. O-O e5 10. b4 g6 11. d5 Bg7 12. e4 Qe7 13. Be3 Nf8 14. h3 h5 15. Rc1
N6h7 16. c5 h4 17. Nge2 a6 18. cxd6 Qxd6 19. Bc5 Qd8 20. Bc4 Bd7 21. Qd2 g5 22.
f3 Ng6 23. Rfd1 Nf4 24. Nxf4 gxf4 25. d6 c6 26. a4 Qg5 27. Kh1 Nf6 28. Qa2 Rf8
29. Ne2 Nh5 30. Qd2 Bf6 31. b5 Kh7 32. bxc6 bxc6 33. Rg1 Bd8 34. Rb1 Nf6 35.
Qa2 Qh5 36. Qb3 Bc8 37. Qd3 Nd7 38. Bf2 Kg6 39. Nc1 f5 40. exf5+ Qxf5 41. Qxf5+
Rxf5 42. Bd3 Nf6 43. Bxf5+ Bxf5 44. Rb7 Kh6 45. Bxh4 Bc8 46. Rb2 Be6 47. Nd3
Nd7 48. Bf2 Ba5 49. Rc1 1-0

[Event "Russian Championship G17 2016"]
[Site "Loo"]
[Date "2016.04.20"]
[Round "1.8"]
[White "Perfilova, Maria"]
[Black "Gorovenko, Darya"]
[Result "0-1"]
[WhiteElo "1844"]
[BlackElo "2082"]
[PlyCount "120"]
[EventDate "2016.04.20"]

1. e4 c5 2. Nf3 d6 3. d4 cxd4 4. Nxd4 Nf6 5. Nc3 a6 6. Bd3 e5 7. Nf5 Bxf5 8.
exf5 d5 9. O-O Nc6 10. Bg5 Be7 11. Re1 O-O 12. Bf1 d4 13. Bxf6 Bxf6 14. Ne4 Be7
15. Qg4 Qc8 16. Qh5 Re8 17. f6 g6 18. Qh4 Bf8 19. Bd3 h6 20. Qg3 Qe6 21. b3 Nb4
22. Bc4 Qf5 23. Bd3 Nxd3 24. cxd3 Rac8 25. Rac1 Bb4 26. Red1 Ba3 27. Rc4 b5 28.
Rxc8 Rxc8 29. Qh4 h5 30. f3 Rc2 31. Ng3 Qf4 32. Qxf4 exf4 33. Ne4 Rxa2 34. Ng5
Rc2 35. Ra1 Rc1+ 36. Rxc1 Bxc1 37. Kf2 Kf8 38. Ke2 Ke8 39. Kd1 Ba3 40. Kc2 Bd6
41. Kb2 a5 42. h3 Be5 43. Ne4 Kd7 44. Nc5+ Kc6 45. Ne4 Kd5 46. Ng5 Bxf6 47. Ne4
Be7 48. Ka2 f5 49. Nd2 Bb4 50. Nb1 Ke5 51. Kb2 Kf6 52. Kc2 Kg5 53. Kd1 Kh4 54.
Ke2 Kg3 55. Kf1 a4 56. bxa4 bxa4 57. Kg1 a3 58. Nxa3 Bxa3 59. Kf1 Kh2 60. Kf2
Be7 0-1

[Event "Russian Championship G17 2016"]
[Site "Loo"]
[Date "2016.04.20"]
[Round "1.9"]
[White "Guseva, Lidia"]
[Black "Protasova, Anastasia"]
[Result "1/2-1/2"]
[WhiteElo "2065"]
[BlackElo "1843"]
[PlyCount "107"]
[EventDate "2016.04.20"]

1. e4 c6 2. d4 d5 3. e5 Bf5 4. g4 Bd7 5. c3 e6 6. Nf3 c5 7. Bd3 Nc6 8. Be3 Qb6
9. Qb3 Qxb3 10. axb3 cxd4 11. Bxd4 Nxd4 12. Nxd4 Bc5 13. Nb5 Ke7 14. Nd2 Nh6
15. h3 a6 16. Nd4 f6 17. N2f3 fxe5 18. Nxe5 Bxd4 19. cxd4 Nf7 20. Nf3 Nd6 21.
O-O Bb5 22. Ne5 Bxd3 23. Nxd3 Nb5 24. Rad1 Kd6 25. Ne5 Rhf8 26. f4 Rf6 27. g5
Rf5 28. Kg2 Raf8 29. Kg3 Ke7 30. h4 Nxd4 31. Rxd4 Rxe5 32. Rb4 b5 33. Ra1 Re3+
34. Kg2 Re4 35. Rxe4 dxe4 36. Kg3 Rd8 37. Rxa6 Rd3+ 38. Kg4 e3 39. Kf3 Rxb3 40.
Ra7+ Kf8 41. h5 e2+ 42. Kxe2 Rxb2+ 43. Ke3 Rh2 44. Rb7 Rxh5 45. Rxb5 h6 46.
Rb8+ Kf7 47. gxh6 Rxh6 48. Ke4 Rh1 49. Rb5 Kf6 50. Ra5 Re1+ 51. Kf3 e5 52.
fxe5+ Rxe5 53. Ra3 Kf5 54. Kg3 1/2-1/2

[Event "Russian Championship G17 2016"]
[Site "Loo"]
[Date "2016.04.20"]
[Round "1.10"]
[White "Simakova, Elena"]
[Black "Martynyuk, Elizaveta"]
[Result "0-1"]
[WhiteElo "1826"]
[BlackElo "2059"]
[PlyCount "64"]
[EventDate "2016.04.20"]

1. e4 c5 2. Nf3 e6 3. d4 cxd4 4. Nxd4 Nc6 5. Nxc6 bxc6 6. Bd3 d5 7. Nd2 Nf6 8.
O-O Bd6 9. Re1 Qc7 10. c4 dxe4 11. Nxe4 Bxh2+ 12. Kh1 Be5 13. Qe2 O-O 14. f4
Bd4 15. Be3 Nxe4 16. Bxe4 Bf6 17. g4 Rb8 18. Rab1 c5 19. g5 Bd4 20. Qh2 g6 21.
Bxd4 cxd4 22. b3 Bb7 23. Rbd1 Rbd8 24. Rd3 f6 25. Qg2 Qxf4 26. Rg3 Bxe4 27.
Rxe4 Qc1+ 28. Qg1 Qxg1+ 29. Rxg1 fxg5 30. Rxe6 d3 31. Kg2 Rf4 32. Re7 Rg4+ 0-1

[Event "Russian Championship G17 2016"]
[Site "Loo"]
[Date "2016.04.20"]
[Round "1.11"]
[White "Borisova, Ekaterina"]
[Black "Spiridonova, Yana"]
[Result "1-0"]
[WhiteElo "2058"]
[BlackElo "1824"]
[PlyCount "91"]
[EventDate "2016.04.20"]

1. e4 c5 2. Nf3 Nc6 3. d4 cxd4 4. Nxd4 g6 5. c4 Bg7 6. Be3 Nf6 7. Nc3 d6 8. Be2
O-O 9. O-O Bd7 10. Rc1 Rc8 11. f3 Ne5 12. Nd5 e6 13. Nxf6+ Bxf6 14. Qd2 Bc6 15.
b4 d5 16. b5 Be8 17. cxd5 Rxc1 18. Rxc1 exd5 19. f4 Nc4 20. Bxc4 dxc4 21. Rxc4
Bd7 22. a4 Qb8 23. Rc5 Rc8 24. Rd5 Rd8 25. h3 Qc7 26. f5 Bc8 27. Nf3 Rxd5 28.
Qxd5 Qc2 29. fxg6 hxg6 30. a5 Qc3 31. Bd2 Qc7 32. e5 Be7 33. Be3 Be6 34. b6 Qc3
35. Qe4 a6 36. Bd4 Qc8 37. Kh2 Bd7 38. Bb2 Bc6 39. Qc2 Qe6 40. Qc3 Kh7 41. Kh1
Kg8 42. Nd4 Qd7 43. e6 fxe6 44. Nxc6 Qd1+ 45. Kh2 Bd6+ 46. Ne5 1-0

[Event "Russian Championship G17 2016"]
[Site "Loo"]
[Date "2016.04.20"]
[Round "1.12"]
[White "Shojhet, Sofiy"]
[Black "Kheyfets, Nataliya"]
[Result "1/2-1/2"]
[WhiteElo "1807"]
[BlackElo "2035"]
[PlyCount "80"]
[EventDate "2016.04.20"]

1. e4 e6 2. d3 d5 3. Nd2 Nf6 4. Ngf3 c5 5. g3 Nc6 6. Bg2 Be7 7. O-O b5 8. Re1
O-O 9. c3 Qb6 10. Qc2 a5 11. Nf1 Ba6 12. Bf4 Rac8 13. Rad1 d4 14. h4 Rfd8 15.
N1h2 c4 16. dxc4 dxc3 17. bxc3 b4 18. Qb1 Bc5 19. Rxd8+ Rxd8 20. Be3 Bxc4 21.
Bf1 Bxe3 22. Rxe3 Bxf1 23. Kxf1 Qa6+ 24. Kg2 Qc4 25. cxb4 Nxb4 26. Qb3 Qxb3 27.
axb3 h5 28. Nf1 Rd3 29. Rxd3 Nxd3 30. N3d2 Ne1+ 31. Kg1 Nc2 32. f3 Nd4 33. Ne3
Kf8 34. Nec4 Nc6 35. Kf2 Ke7 36. Ke3 Nd7 37. Nb1 Nc5 38. Nbd2 a4 39. bxa4 Nxa4
40. Kd3 Nc5+ 1/2-1/2

[Event "Russian Championship G17 2016"]
[Site "Loo"]
[Date "2016.04.20"]
[Round "1.13"]
[White "Korchagina, Alena"]
[Black "Shabunova, Ekaterina"]
[Result "1-0"]
[WhiteElo "2031"]
[BlackElo "1805"]
[PlyCount "164"]
[EventDate "2016.04.20"]

1. Nf3 Nf6 2. c4 d6 3. d4 Nbd7 4. Nc3 e5 5. e4 Be7 6. Be2 O-O 7. O-O c6 8. Qc2
Qc7 9. Rd1 Re8 10. a3 Nf8 11. b4 Ng6 12. g3 a6 13. Bb2 Bf8 14. d5 c5 15. bxc5
Qxc5 16. Na4 Qa7 17. Nd2 Ng4 18. Bxg4 Bxg4 19. Rdc1 Rac8 20. Qb3 b5 21. cxb5
axb5 22. Nc3 Rb8 23. Rab1 b4 24. axb4 Qd4 25. Nc4 Rec8 26. Nb5 Qxe4 27. Ncxd6
Rxc1+ 28. Rxc1 Qe2 29. Qc3 Rxb5 30. Nxb5 Qxb5 31. Qc4 Qxc4 32. Rxc4 Bf3 33. Rc8
Bxd5 34. b5 f6 35. Ba3 Kf7 36. Bxf8 Nxf8 37. Rc7+ Ke6 38. b6 Kd6 39. Rxg7 Nd7
40. Rxh7 Nxb6 41. h4 Be4 42. Rg7 Nd7 43. h5 Nf8 44. Kh2 Nh7 45. Kh3 Ke6 46. Kg4
Kd6 47. f4 Ke6 48. h6 Bc2 49. Ra7 Bd3 50. Rb7 Be2+ 51. Kh4 Bd3 52. Kh5 exf4 53.
gxf4 Bf5 54. Ra7 Kd5 55. Kh4 Ke6 56. Kg3 Kd5 57. Kf3 Ke6 58. Ke3 Bg6 59. Ra5
Bf5 60. Kd4 Bg6 61. Ke3 Bf5 62. Ra7 Bg6 63. Rg7 Bf5 64. Kd4 Kd6 65. Ra7 Kc6 66.
Ra5 Bb1 67. Rd5 Kb6 68. Rc5 Bd3 69. Kd5 Be4+ 70. Kd6 Bd3 71. Rc3 Be4 72. Rc5
Bd3 73. Rh5 Bg6 74. Rh2 Bf5 75. Rb2+ Ka6 76. Ke7 Ka5 77. Kf7 Ka6 78. Kg7 Be4
79. Rf2 Bf5 80. Rb2 Be4 81. Rb8 Ka7 82. Rh8 Ng5 1-0

[Event "Russian Championship G17 2016"]
[Site "Loo"]
[Date "2016.04.20"]
[Round "1.14"]
[White "Suleimanova, Renata"]
[Black "Nosacheva, Mariya"]
[Result "0-1"]
[WhiteElo "1789"]
[BlackElo "2021"]
[PlyCount "60"]
[EventDate "2016.04.20"]

1. Nf3 Nf6 2. g3 b5 3. Bg2 Bb7 4. O-O e6 5. d4 c5 6. Bf4 Qb6 7. dxc5 Bxc5 8.
Nbd2 O-O 9. Nb3 Be7 10. Be3 Qc7 11. Nbd4 a6 12. Rc1 d5 13. Qd3 e5 14. Nxe5 Qxe5
15. Bf4 Qh5 16. Nf5 Re8 17. Bf3 Qg6 18. h4 Nbd7 19. Kg2 Bf8 20. Rh1 Nc5 21.
Nh6+ gxh6 22. Qd1 h5 23. Bg5 Nce4 24. e3 Bh6 25. c3 Bxg5 26. hxg5 Nxg5 27. Bxh5
Nxh5 28. Rxh5 d4+ 29. Kf1 dxe3 30. Qg4 e2+ 0-1

[Event "Russian Championship G17 2016"]
[Site "Loo"]
[Date "2016.04.20"]
[Round "1.15"]
[White "Zhemchuzhina, Elizaveta"]
[Black "Kovaleva, Ekaterina"]
[Result "1/2-1/2"]
[WhiteElo "2000"]
[BlackElo "1786"]
[PlyCount "91"]
[EventDate "2016.04.20"]

1. d4 d5 2. c4 e6 3. cxd5 exd5 4. Nc3 Nf6 5. Bg5 Be7 6. e3 O-O 7. Bd3 c6 8. Qc2
Nbd7 9. Nge2 Re8 10. f3 Nf8 11. O-O g6 12. h3 Ne6 13. Bh4 Nh5 14. Bf2 Bd6 15.
Rad1 Bc7 16. g4 Nhg7 17. f4 Nf8 18. e4 dxe4 19. Bxe4 f5 20. Bf3 Bd6 21. d5 c5
22. Nb5 b6 23. Nxd6 Qxd6 24. Bg3 Ba6 25. Rfe1 Re3 26. Kg2 Rae8 27. Bf2 R3e7 28.
Bg3 Nd7 29. g5 Re3 30. Bf2 R3e7 31. Qd2 Bb7 32. Nc3 a6 33. Rxe7 Rxe7 34. Re1
Re8 35. Bg3 Kf8 36. h4 Rxe1 37. Qxe1 Qe7 38. Qf2 b5 39. a3 Nb6 40. Kh2 Qd6 41.
b4 cxb4 42. axb4 Nxd5 43. Nxd5 Bxd5 44. Bxd5 Qxd5 45. Qb2 Kg8 46. Qe2 1/2-1/2

[Event "Russian Championship G17 2016"]
[Site "Loo"]
[Date "2016.04.20"]
[Round "1.16"]
[White "Kazak, Natalia"]
[Black "Kozina, Anastasia"]
[Result "0-1"]
[WhiteElo "1784"]
[BlackElo "1994"]
[PlyCount "84"]
[EventDate "2016.04.20"]

1. d4 e6 2. c4 Nf6 3. Nc3 Bb4 4. Bd2 b6 5. Nf3 Bb7 6. e3 O-O 7. Bd3 d5 8. O-O
Nbd7 9. Qe2 Bd6 10. Nb5 Be7 11. Rac1 c5 12. Rfd1 Qb8 13. Be1 a6 14. Nc3 Bd6 15.
h3 dxc4 16. Bxc4 b5 17. Bb3 Rd8 18. dxc5 Nxc5 19. Bc2 b4 20. Na4 Nxa4 21. Bxa4
a5 22. Nd4 Nd5 23. Nc6 Bxc6 24. Bxc6 Ra7 25. Bxd5 exd5 26. Qf3 Rad7 27. Rd3 h6
28. Rcd1 Qb5 29. Qf5 g6 30. Qf6 Bf8 31. Qh4 Bg7 32. b3 Rc8 33. f3 Rc2 34. R1d2
Rxd2 35. Rxd2 Bc3 36. Rc2 Qd3 37. Qf2 Qd1 38. Re2 d4 39. Rd2 dxe3 40. Qxe3 Bxd2
41. Qe8+ Kh7 42. Qxd7 Be3+ 0-1

[Event "Russian Championship G17 2016"]
[Site "Loo"]
[Date "2016.04.20"]
[Round "1.17"]
[White "Sakorenko, Adriana"]
[Black "Shelepneva, Darya"]
[Result "1-0"]
[WhiteElo "1969"]
[BlackElo "1780"]
[PlyCount "69"]
[EventDate "2016.04.20"]

1. e4 e5 2. Nf3 Nf6 3. Nxe5 d6 4. Nf3 Nxe4 5. d4 d5 6. Bd3 Nc6 7. O-O Be7 8.
Re1 Nf6 9. h3 O-O 10. Bf4 Nb4 11. c3 Nxd3 12. Qxd3 h6 13. Nbd2 Bd6 14. Be5 Be6
15. Nf1 Ne4 16. Ne3 Bxe5 17. dxe5 c6 18. c4 Rc8 19. Rad1 Qb6 20. cxd5 cxd5 21.
Qd4 Qc5 22. Qxc5 Rxc5 23. Rd4 Ng5 24. Nxg5 hxg5 25. Red1 Rd8 26. b4 Rc7 27.
Nxd5 Rcd7 28. Ne7+ Kf8 29. Rxd7 Rxd7 30. Rxd7 Bxd7 31. Nd5 Bc6 32. Ne3 Ke7 33.
g3 Bf3 34. Nf5+ Ke6 35. Nd4+ 1-0

[Event "Russian Championship G17 2016"]
[Site "Loo"]
[Date "2016.04.20"]
[Round "1.18"]
[White "Troyanok, Tatiana"]
[Black "Barbaeva, Irina"]
[Result "1-0"]
[WhiteElo "1772"]
[BlackElo "1968"]
[PlyCount "63"]
[EventDate "2016.04.20"]

1. d4 d5 2. c4 c6 3. g3 Nf6 4. Bg2 dxc4 5. Nf3 e6 6. Ne5 Bb4+ 7. Nc3 O-O 8.
Nxc4 b5 9. Ne5 Bb7 10. O-O Qc8 11. Nd3 Be7 12. b4 Nbd7 13. a4 a5 14. bxa5 Rxa5
15. Bd2 Ra8 16. Rb1 bxa4 17. Nxa4 Ba6 18. Ndc5 Bb5 19. Nc3 Bxc5 20. Nxb5 Rb8
21. dxc5 Rxb5 22. Rxb5 cxb5 23. c6 Nb6 24. Bb4 Rd8 25. Qc2 Nbd5 26. Ba5 Rd6 27.
Rc1 b4 28. e4 b3 29. Qxb3 Nxe4 30. Bxe4 f5 31. Bxd5 Rxd5 32. Qb7 1-0

[Event "Russian Championship G17 2016"]
[Site "Loo"]
[Date "2016.04.20"]
[Round "1.19"]
[White "Khristenko, Anna"]
[Black "Borodina, Tatiana"]
[Result "1-0"]
[WhiteElo "1962"]
[BlackElo "1721"]
[PlyCount "63"]
[EventDate "2016.04.20"]

1. Nf3 d5 2. g3 c6 3. Bg2 Bf5 4. O-O Nf6 5. d3 h6 6. Nbd2 Bh7 7. b3 e6 8. Bb2
Nbd7 9. c4 Be7 10. a3 a5 11. Bc3 O-O 12. b4 a4 13. Re1 dxc4 14. dxc4 Ne4 15.
Nxe4 Bxe4 16. Nd2 Bxg2 17. Kxg2 Bf6 18. Bxf6 Nxf6 19. Qc2 b5 20. Rad1 Qb6 21.
Ne4 Nxe4 22. Qxe4 Rfd8 23. Qf4 Rxd1 24. Rxd1 Rd8 25. c5 Qb8 26. Rd6 Rxd6 27.
cxd6 Qb7 28. e4 Kf8 29. Qe3 f6 30. Qc5 Ke8 31. Qh5+ Qf7 32. d7+ 1-0

[Event "Russian Championship G17 2016"]
[Site "Loo"]
[Date "2016.04.20"]
[Round "1.20"]
[White "Borunova, Tatiana"]
[Black "Makhno, Maria"]
[Result "1-0"]
[WhiteElo "1699"]
[BlackElo "1962"]
[PlyCount "73"]
[EventDate "2016.04.20"]

1. e4 c5 2. Nf3 g6 3. g3 Bg7 4. Bg2 Nc6 5. d3 e6 6. c3 Nge7 7. Be3 d6 8. O-O
O-O 9. Nbd2 Rb8 10. h3 b5 11. a3 a5 12. Nh2 Ba6 13. Qc2 Qc8 14. f4 b4 15. axb4
axb4 16. g4 Kh8 17. f5 exf5 18. gxf5 Ng8 19. Ng4 h5 20. f6 hxg4 21. fxg7+ Kxg7
22. hxg4 Ne5 23. Bf4 Qc6 24. cxb4 Rxb4 25. Qc3 f6 26. g5 Rd4 27. Nf3 Rxd3 28.
gxf6+ Nxf6 29. Nxe5 dxe5 30. Qxe5 Rd7 31. Rf2 Rdf7 32. Qg5 Nd7 33. Ra3 Rh8 34.
Be5+ Nxe5 35. Qxe5+ Rf6 36. Qe7+ Kh6 37. Qxf6 1-0

[Event "Russian Championship G17 2016"]
[Site "Loo"]
[Date "2016.04.20"]
[Round "1.21"]
[White "Tishova, Svetlana"]
[Black "Bychenkova, Yulia"]
[Result "1-0"]
[WhiteElo "1946"]
[BlackElo "1696"]
[PlyCount "77"]
[EventDate "2016.04.20"]

1. e4 d5 2. exd5 Qxd5 3. Nc3 Qd6 4. d4 Nf6 5. Nf3 a6 6. g3 Bg4 7. h3 Bxf3 8.
Qxf3 Nc6 9. Be3 O-O-O 10. O-O-O e6 11. Bg2 Be7 12. Rhe1 Qb4 13. g4 Rhf8 14. Kb1
Qa5 15. g5 Nd5 16. Nxd5 Qxd5 17. Qg4 Qb5 18. Qe2 Qxe2 19. Rxe2 Ne5 20. Bc1 Nc4
21. c3 c6 22. b3 Nb6 23. c4 Rd7 24. Be3 Rfd8 25. Red2 Bb4 26. Rd3 Na8 27. Be4
Nc7 28. Kb2 Bf8 29. h4 g6 30. Kc2 Bg7 31. h5 Ne8 32. h6 Bh8 33. d5 exd5 34.
cxd5 cxd5 35. Bxd5 Nc7 36. Bxb7+ Kxb7 37. Rxd7 Rxd7 38. Rxd7 Kc6 39. Rxf7 1-0

[Event "Russian Championship G17 2016"]
[Site "Loo"]
[Date "2016.04.20"]
[Round "1.22"]
[White "Senkova, Darya"]
[Black "Illina, Natalia"]
[Result "0-1"]
[WhiteElo "1685"]
[BlackElo "1945"]
[PlyCount "76"]
[EventDate "2016.04.20"]

1. e4 c5 2. Nf3 Nc6 3. d4 cxd4 4. Nxd4 g6 5. Nc3 Bg7 6. Be3 Nf6 7. Bc4 O-O 8.
f3 d6 9. Qd2 Bd7 10. O-O-O Rc8 11. Bb3 Ne5 12. Bh6 Nc4 13. Bxc4 Rxc4 14. Nde2
b5 15. Bxg7 Kxg7 16. Nf4 Qa5 17. Kb1 b4 18. Ncd5 Nxd5 19. Nxd5 Be6 20. b3 Bxd5
21. bxc4 Be6 22. Qd4+ f6 23. h4 Rc8 24. h5 Rxc4 25. Qb2 Rc6 26. hxg6 hxg6 27.
Rd4 Ra6 28. Rxb4 Bxa2+ 29. Kc1 Qg5+ 30. Kd1 Qxg2 31. Re1 Qxf3+ 32. Kd2 Qf4+ 33.
Kd1 Be6 34. e5 Bg4+ 35. Re2 Qf1+ 36. Kd2 Qxe2+ 37. Kc3 Qe3+ 38. Kc4 Be6+ 0-1

[Event "Russian Championship G17 2016"]
[Site "Loo"]
[Date "2016.04.20"]
[Round "1.23"]
[White "Kosheparova, Tatiana"]
[Black "Bushueva, Tatjana"]
[Result "1-0"]
[WhiteElo "1933"]
[BlackElo "1678"]
[PlyCount "89"]
[EventDate "2016.04.20"]

1. e4 e6 2. d4 d5 3. Nd2 c5 4. c3 Nc6 5. Ngf3 Nf6 6. Bd3 cxd4 7. cxd4 Bb4 8. e5
Nd7 9. O-O Be7 10. a3 O-O 11. b4 Re8 12. Bb2 Nb6 13. Rc1 Bd7 14. Nb3 Na4 15.
Bc3 a5 16. b5 Nxc3 17. Rxc3 Na7 18. a4 Bb4 19. Rc1 Nc8 20. Qc2 Nb6 21. Nc5 Rc8
22. Qa2 Rc7 23. Nd2 f6 24. exf6 Qxf6 25. Nf3 Rec8 26. Nxd7 Nxd7 27. Qb2 Bc3 28.
Qb1 h6 29. Rcd1 Kh8 30. b6 Rc6 31. Bb5 Rxb6 32. Qd3 Rd6 33. Rc1 Rd8 34. Rxc3
Nb6 35. Ne5 Kg8 36. Qf3 Qe7 37. Rfc1 Rf8 38. Qd3 Qf6 39. f3 Nc4 40. Nd7 Rxd7
41. Bxd7 Qe7 42. Bb5 Nd6 43. Rc7 Qf6 44. Rd7 Nf5 45. Rcc7 1-0

[Event "Russian Championship G17 2016"]
[Site "Loo"]
[Date "2016.04.20"]
[Round "1.24"]
[White "Alekseeva, Angelina"]
[Black "Shafigullina, Zarina"]
[Result "1-0"]
[WhiteElo "1619"]
[BlackElo "1930"]
[PlyCount "160"]
[EventDate "2016.04.20"]

1. d4 f5 2. Nc3 Nf6 3. Bg5 g6 4. f3 d5 5. Qd2 Bg7 6. Bh6 O-O 7. Bxg7 Kxg7 8.
Nh3 c5 9. e3 Nc6 10. O-O-O Be6 11. Nf4 Bg8 12. h4 h5 13. Be2 a6 14. Rhg1 b5 15.
g4 b4 16. Na4 fxg4 17. Nxc5 Qc8 18. Qd3 Qf5 19. Qxf5 gxf5 20. Nfe6+ Bxe6 21.
Nxe6+ Kf7 22. Nxf8 Kxf8 23. fxg4 hxg4 24. Rdf1 e6 25. Bxg4 Ke7 26. Be2 Rh8 27.
h5 Kf7 28. Rf2 Rh7 29. Rh2 a5 30. a3 f4 31. Bb5 Na7 32. Bd3 Ne4 33. Bxe4 dxe4
34. exf4 bxa3 35. bxa3 Nb5 36. Re1 Nd6 37. a4 Kf6 38. c3 Kf5 39. Rh4 Nc4 40.
Kc2 Nb6 41. Kb3 Nd5 42. c4 Nb4 43. Rg1 e3 44. Rg5+ Kf6 45. Re5 Nc6 46. Re4 Ne7
47. Kc3 Nf5 48. Rh3 Rc7 49. c5 Ne7 50. h6 Nd5+ 51. Kc4 Rh7 52. Kd3 Kf5 53. Rh5+
Kg4 54. Rxd5 exd5 55. Rxe3 Rxh6 56. Re5 Rh3+ 57. Re3 Rh1 58. Kc2 Ra1 59. c6 Rh1
60. c7 Rh8 61. Rc3 Rc8 62. Kd3 Kxf4 63. Rc5 Kf3 64. Rxd5 Rxc7 65. Rxa5 Kf4 66.
Rc5 Rh7 67. a5 Rh1 68. a6 Ra1 69. Rc6 Ra3+ 70. Kc4 Ke4 71. d5 Ra4+ 72. Kb5 Kxd5
73. Rc7 Kd6 74. Rh7 Ra1 75. a7 Kd5 76. Kb6 Rb1+ 77. Kc7 Ra1 78. Kb8 Rb1+ 79.
Rb7 Rh1 80. a8=Q Rh8+ 1-0

[Event "Russian Championship G17 2016"]
[Site "Loo"]
[Date "2016.04.20"]
[Round "1.25"]
[White "Teryaeva, Valeria"]
[Black "Bocharova, Anastasia"]
[Result "1/2-1/2"]
[WhiteElo "1929"]
[BlackElo "1612"]
[PlyCount "99"]
[EventDate "2016.04.20"]

1. e4 c5 2. Nf3 Nc6 3. d4 cxd4 4. Nxd4 d6 5. Nc3 g6 6. Be3 Bg7 7. Qd2 Nf6 8. f3
Bd7 9. Bc4 O-O 10. O-O Ne5 11. Bb3 Rc8 12. Rad1 a6 13. Nd5 Nxd5 14. Bxd5 Nc4
15. Bxc4 Rxc4 16. c3 b5 17. Bh6 Qb6 18. Bxg7 Kxg7 19. Kh1 Rfc8 20. f4 Bg4 21.
Rc1 e5 22. fxe5 dxe5 23. b3 R4c7 24. Nf3 Rd7 25. Qg5 Bxf3 26. Rxf3 f6 27. Qg3
Rcd8 28. Rcf1 Rd1 29. h3 R8d2 30. Kh2 Rxf1 31. Rxf1 Rxa2 32. Rd1 Qc6 33. Qg4 h5
34. Qd7+ Qxd7 35. Rxd7+ Kf8 36. b4 Re2 37. Rd6 Ke7 38. Rxa6 Rxe4 39. Rb6 Rc4
40. Rxb5 Rxc3 41. Rb6 e4 42. b5 e3 43. Kg3 g5 44. Kf3 g4+ 45. hxg4 hxg4+ 46.
Ke2 f5 47. g3 Rb3 48. Rc6 Rxb5 49. Kxe3 Rb3+ 50. Kf4 1/2-1/2

[Event "Russian Championship G17 2016"]
[Site "Loo"]
[Date "2016.04.20"]
[Round "1.26"]
[White "Elkina, Yuliya"]
[Black "Aksenova, Maria"]
[Result "0-1"]
[WhiteElo "1559"]
[BlackElo "1919"]
[PlyCount "108"]
[EventDate "2016.04.20"]

1. f4 c5 2. Nf3 g6 3. e3 Bg7 4. Nc3 a6 5. b3 b5 6. Bb2 Bb7 7. Be2 d6 8. O-O e6
9. d3 Ne7 10. e4 Nbc6 11. Qd2 O-O 12. a4 Rc8 13. Rab1 Qb6 14. Kh1 Nd4 15. axb5
axb5 16. Nd1 Nec6 17. Ne3 Nxe2 18. Qxe2 Nd4 19. Qd1 f5 20. Nd2 e5 21. Nd5 Qd8
22. fxe5 Bxe5 23. Nf3 fxe4 24. dxe4 Bxd5 25. exd5 Nxf3 26. Rxf3 Rxf3 27. Qxf3
Bxb2 28. Rxb2 Qg5 29. Rb1 Rf8 30. Qe4 Qf5 31. Qxf5 Rxf5 32. c4 bxc4 33. bxc4
Rf4 34. Rc1 Kf7 35. Kg1 Kf6 36. g3 Rd4 37. Re1 Rxc4 38. Re6+ Kf5 39. Rxd6 Ke5
40. Rd7 h5 41. d6 Rd4 42. h4 Rxd6 43. Rc7 Kd4 44. Kf2 Re6 45. Kf3 c4 46. Rd7+
Kc3 47. Kf4 Kb2 48. Rc7 c3 49. g4 hxg4 50. Kxg4 Re4+ 51. Kg5 c2 52. Rb7+ Kc3
53. Kxg6 Rxh4 54. Kg5 Rc4 0-1

[Event "Russian Championship G17 2016"]
[Site "Loo"]
[Date "2016.04.20"]
[Round "1.27"]
[White "Yurovskikh, Yasmin"]
[Black "Dekalyuk, Anastasiya"]
[Result "1-0"]
[WhiteElo "1892"]
[BlackElo "1554"]
[PlyCount "71"]
[EventDate "2016.04.20"]

1. e4 c5 2. Nc3 d6 3. g3 Nc6 4. Bg2 g6 5. d3 Bg7 6. f4 e6 7. Nge2 Nge7 8. O-O
O-O 9. Be3 a6 10. Qd2 Rb8 11. d4 cxd4 12. Nxd4 Qc7 13. Rad1 Rd8 14. Qf2 b5 15.
Kh1 Na5 16. g4 Nc4 17. Bc1 f5 18. gxf5 exf5 19. exf5 Nxf5 20. Nc6 Bb7 21. Nd5
Qxc6 22. Ne7+ Nxe7 23. Bxc6 Bxc6+ 24. Kg1 Nxb2 25. Bxb2 Bxb2 26. Qe3 Nf5 27.
Qb3+ d5 28. Qxb2 Ne3 29. Qf6 Bd7 30. Rde1 Rf8 31. Qd6 Nxf1 32. Qxd7 Nxh2 33.
Re7 Nf3+ 34. Kh1 Rxf4 35. Rg7+ Kf8 36. Qe7# 1-0

[Event "Russian Championship G17 2016"]
[Site "Loo"]
[Date "2016.04.20"]
[Round "1.28"]
[White "Grigorian, Ivetta"]
[Black "Abasheeva, Ksenia"]
[Result "0-1"]
[WhiteElo "1446"]
[BlackElo "1886"]
[PlyCount "78"]
[EventDate "2016.04.20"]

1. e4 c5 2. d3 d6 3. Nf3 g6 4. g3 Bg7 5. Bg2 Nc6 6. O-O Nf6 7. h3 O-O 8. Nc3
Rb8 9. a4 a6 10. Be3 b5 11. axb5 axb5 12. Qd2 c4 13. Bh6 cxd3 14. cxd3 b4 15.
Nd1 Qb6 16. Bxg7 Kxg7 17. Ne3 Ne5 18. Ne1 Qd4 19. Kh1 Bb7 20. f4 Nxe4 21. Bxe4
Bxe4+ 22. Kh2 Nd7 23. N1c2 Qxd3 24. Qxd3 Bxd3 25. Rfd1 Bxc2 26. Nxc2 Rfc8 27.
Rd2 Rc7 28. Nd4 e5 29. fxe5 dxe5 30. Nb3 Rbc8 31. Rad1 Rc2 32. h4 h5 33. Kh3
Rxd2 34. Rxd2 Nf6 35. Re2 Ng4 36. Kg2 f5 37. Rd2 Kf7 38. Kf1 Ke6 39. Ke1 e4 0-1